000 00474nam a2200145Ia 4500
008 090122s9999 xx 000 0 und d
082 _b5286
_aL : 54
100 _aकोल्हटकर
_bवर्षा
_cडॉ
245 _aसौदर्यविज्ञान
600 _aकोल्हटकर
630 _aसौदर्यविज्ञान
700 _aकोल्हटकर
730 _aसौदर्यविज्ञान
942 _cBOOK
999 _c29364
_d29364